Länder i Afrika på svenska + karta - Statistics

General Stats
  • This quiz has been taken 20 times
  • The average score is 42 of 54
Answers on the Map
Answers color-coded by a green-red scale on the quiz's map according to % correct below.
 
Answer Stats
Country % Correct
Algeriet
100%
Burkina Faso
100%
Centralafrikanska Republiken
100%
Egypten
100%
Ekvatorialguinea
100%
Eritrea
100%
Etiopien
100%
Gambia
100%
Guinea
100%
Guinea-Bissau
100%
Kenya
100%
Libyen
100%
Madagaskar
100%
Malawi
100%
Mali
100%
Mauretanien
100%
Mauritius
100%
Namibia
100%
Niger
100%
Nigeria
100%
Tanzania
100%
Togo
100%
Zambia
100%
Zimbabwe
100%
Angola
67%
Benin
67%
Botswana
67%
Burundi
67%
Djibouti
67%
Elfenbenskusten
67%
Eswatini (Swaziland)
67%
Gabon
67%
Ghana
67%
Kamerun
67%
Komorerna
67%
Kongo-Brazzaville (Republiken Kongo)
67%
Kongo-Kinshasa (Demokratiska republiken Kongo)
67%
Lesotho
67%
Liberia
67%
Marocko
67%
Sao Tomé & Principe
67%
Seychellerna
67%
Sierra Leone
67%
Somalia
67%
Sudan
67%
Sydafrika
67%
Sydsudan
67%
Tchad
67%
Tunisien
67%
Uganda
67%
Moçambique
33%
Rwanda
33%
Senegal
33%
Kap Verde
0%
No matching quizzes found
Score Distribution
Percent of People with Each Score
Percentile by Number Answered
Your Score History
You have not taken this quiz